| 000 | 01545nam a22002537a 4500 | ||
|---|---|---|---|
| 999 |
_c62421 _d62421 |
||
| 003 | Ge_BSU | ||
| 005 | 20241030165849.0 | ||
| 008 | 241030s2023 ge ||||| |||| 00| 0 geo d | ||
| 020 | _a9789941983702 | ||
| 041 | _ageo | ||
| 080 | _a821.111(73) -31 დ-46 | ||
| 100 |
_aდიდიონი, ჯოან _923545 |
||
| 245 |
_aჯადოსნური ფიქრის წელიწადი : _b[მოგონებები] / _cჯოან დიდიონი; ინგლისურიდან თარგმნეს თამარ ბაბუაძემ, ლელა ფიროსმანაშვილმა, ელენე მარგველაშვილმა; რედაქტორი ია ვეკუა; დიზაინერი ხატია ჩიტორელიძე. |
||
| 264 |
_aთბილისი : _bპოლინომიალი, _c 2023. |
||
| 300 |
_a250 გვ. ; _b20 სმ. |
||
| 653 | _aრომანი | ||
| 653 | _aდრამა | ||
| 700 |
_aბაბუაძე, თამარ _eმთარგმნელი _923546 |
||
| 700 |
_aფიროსმანაშვილი, ლელა _eმთარგმნელი _923547 |
||
| 700 |
_aმარგველაშვილი, ელენე _eმთარგმნელი _914055 |
||
| 700 |
_aვეკუა, ია _eრედაქტორი _921667 |
||
| 700 |
_aჩიტორელიძე, ხატია _eდიზაინერი _921653 |
||
| 942 |
_2udc _cᲬᲘᲒᲜᲘ |
||